书目信息 |
| 题名: |
小学汉语拼音教学辅导
|
|
| 作者: | 孙修章 编写 | |
| 分册: | ||
| 出版信息: | 北京 人民教育出版社 1982 |
|
| 页数: | 57页 | |
| 开本: | 19cm | |
| 丛书名: | ||
| 单 册: | ||
| 中图分类: | G623.21 | |
| 科图分类: | ||
| 主题词: | 汉语拼音--小学--教学参考资料 | |
| 电子资源: | ||
| ISBN: | ||
| 000 | 00644nam0 2200229 45 | |
| 001 | 0182003578 | |
| 005 | 20060816170843.28 | |
| 010 | @dCNY0.18 | |
| 091 | @aCN@b7012.0504 | |
| 100 | @a19950705d1982 em y0chiy0121 ea | |
| 101 | 0 | @achi |
| 102 | @aCN@b110000 | |
| 105 | @ay z 000yy | |
| 200 | 10 | @a小学汉语拼音教学辅导@Axiao xue han yu pin yin jiao xue fu dao@f孙修章编写 |
| 210 | @a北京@c人民教育出版社@d1982 | |
| 215 | @a57页@d19cm | |
| 606 | @a汉语拼音@x小学@x教学参考资料 | |
| 690 | @aG623.21@v3 | |
| 701 | 0 | @a孙修章@Asun xiu zhang@4编写 |
| 801 | 0 | @aCN@bTSSF@c20060816 |
| 801 | 2 | @aCN@bNLC@c20060814 |
| 905 | @a10447@dG623.21@e192 | |
| 小学汉语拼音教学辅导/孙修章编写.-北京:人民教育出版社,1982 |
| 57页;19cm |
| ISBN :CNY0.18 |
| ● |
| 相关链接 |
|
|
|
|
正题名:小学汉语拼音教学辅导
索取号:G623.21/192
 
预约/预借
| 序号 | 登录号 | 条形码 | 馆藏地/架位号 | 状态 | 备注 |
| 1 | 0459806 | 204598060 | 密集书库/ [索取号:G623.21/192] | 在馆 | |
| 2 | 0465092 | 204650920 | 密集书库/ [索取号:G623.21/192] | 在馆 |